| 000 | 01183nam a22002897a 4500 | ||
|---|---|---|---|
| 003 | OSt | ||
| 005 | 20250714105856.0 | ||
| 008 | 210914b2009 ck a|||er|||| 00| f spa d | ||
| 020 | _a9789588471235 | ||
| 040 |
_aCO-JMCR _cCO-JMCR |
||
| 041 | 0 | _aspa | |
| 082 | 0 | 4 |
_aA-N _bVERu _223 |
| 100 | 1 |
_aVerne, Julio, _eautor _912707 |
|
| 245 | 1 | 0 |
_aUna ciudad flotante / _cJulio Verne ; ilustraciones de Mónica Peña ; traducción de Alejandra de Vengoechea e introducción de Julio Paredes Castro |
| 250 | _aPrimera edición | ||
| 260 |
_aBogotá : _bAlcaldía Mayor de Bogotá : Secretaria de Cultura, Recreación y Deporte : Fundación Gilberto Alzate Avendaño, _c2009 |
||
| 300 |
_a166 páginas : _bilustraciones a blanco y negro ; _c17 cm. |
||
| 490 | 0 |
_aLibro al viento ; _v62 |
|
| 650 | 1 | 4 |
_aNovela francesa _ySiglo XIX-XX _940369 |
| 650 | 2 | 4 |
_aLiteratura francesa _ySiglo XIX-XX _940370 |
| 650 | 2 | 4 |
_aHistorias de aventuras _940371 |
| 650 | 2 | 4 |
_aMar en la literatura _940372 |
| 700 | 1 |
_aPeña, Mónica, _eilustradora _914026 |
|
| 700 | 1 |
_aVengoechea, Alejandra de, _etraductora _940373 |
|
| 700 | 1 |
_aParedes Castro, Julio, _eautor de introducción _914038 |
|
| 942 |
_2ddc _cBK |
||
| 999 |
_c15590 _d15590 |
||